| 000 | 01036nam a2200313 i 4500 | ||
|---|---|---|---|
| 001 | bg | ||
| 245 | 0 | 0 |
_aChiny / _c[project ed. Tom Le Bas ; przygot. ed. pol. Bogdan Rudnicki ; tł. Michał Szybisz, Beata Rusinowska, Wiktor Dert]. |
| 246 |
_iTyt. oryg.: _aChina |
||
| 260 |
_aWarszawa : _bMediaprofit, _c2006. |
||
| 300 |
_a411 s. : _bfot., il. kolor., mapy, pl. ; _c23 cm. |
||
| 490 | 1 |
_aBiblioteka Gazety Wyborczej. Podróże Marzeń ; _v24 |
|
| 500 | _aTyt. oryg.: "China" 2005. Mapy na wyklejkach. | ||
| 504 | _aIndeks. | ||
| 651 | 9 | _aChiny | |
| 655 | _aPrzewodniki turystyczne | ||
| 700 | 1 |
_aLe BAS, Tom. _eRed. |
|
| 700 | 1 |
_aRUDNICKI, Bogdan. _eRed. |
|
| 700 | 1 |
_aSZYBISZ, Michał. _eTł. |
|
| 700 | 1 |
_aRUSINOWSKA, Beata. _eTł. |
|
| 700 | 1 |
_aDERT, Wiktor. _eTł. |
|
| 830 | 0 |
_aBiblioteka Gazety Wyborczej.. _pPodróże Marzeń |
|
| 020 | _a8360174245 | ||
| 040 | _cBPK | ||
| 041 | 1 |
_apol _heng |
|
| 080 | _a913(510)(036) | ||
| 920 | _a83-60174-24-5 | ||
| 942 | _cKS | ||
| 008 | s pl f |000 0 pol | ||
| 999 |
_c51679 _d51679 |
||
| 856 |
_uhttp://koha.tu.koszalin.pl/cgi-bin/koha/opac-detail.pl?biblionumber=51679 _yKatalog online BPK |
||